Crecimiento económico de América Latina: problemas fundamentales
Salvato in:
| Autore principale: | |
|---|---|
| Natura: | Libro |
| Lingua: | spagnolo |
| Pubblicazione: |
Santiago
Del Pacífico
1967
|
| Edizione: | 5a. ed |
| Soggetti: | |
| Tags: |
Aggiungi Tag
Nessun Tag, puoi essere il primo ad aggiungerne!!
|
MARC
| LEADER | 00000nam a2200000 a 4500 | ||
|---|---|---|---|
| 001 | UCP7656 | ||
| 003 | CL-VaPUC | ||
| 008 | 991217e19670000CL |||||||||||||||||spa|d | ||
| 082 | 0 | 4 | |a 338.98 |b BAL |2 21 |
| 100 | 0 | |a Baltra Cortés, Alberto |e author |9 437182 | |
| 245 | 1 | 0 | |a Crecimiento económico de América Latina: problemas fundamentales |
| 250 | |a 5a. ed | ||
| 300 | |a 306 p | ||
| 942 | |c BK | ||
| 945 | |d 19991217 00:00:00 |a crobeson | ||
| 260 | |a Santiago |b Del Pacífico |c 1967 | ||
| 650 | 0 | |a Desarrollo económico y social |9 256320 | |
| 650 | 0 | |a Países en desarrollo |9 259663 | |
| 650 | 0 | |a Crecimiento económico |9 314037 | |
| 650 | 7 | |a CONDICIONES SOCIOECONOMICAS |2 CL-VaPUC |9 381421 | |
| 651 | 0 | |a América Latina |9 255027 | |
| 583 | |a last modification |c 20160602 17:23:32 |k Rodrigo Vera | ||
| 999 | |c 284773 |d 284771 | ||
| 952 | |0 0 |1 0 |4 0 |6 338_980000000000000_BAL_1967 |7 0 |8 A |9 329001 |a BIBHIS |b BIBHIS |d 2019-11-20 |i 1373447 |o 338.98 BAL 1967 |p 1373447 |r 2025-01-20 |w 2019-11-20 |y BK |k HIS | ||